Men in the sun /

সংরক্ষণ করুন:
গ্রন্থ-পঞ্জীর বিবরন
প্রধান লেখক: Leddick, David (লেখক)
অন্যান্য লেখক: Losser, Jason
বিন্যাস: গ্রন্থ
ভাষা:ইংরেজি
প্রকাশিত: New York : Universe, c1999
ট্যাগগুলো: ট্যাগ যুক্ত করুন
কোনো ট্যাগ নেই, প্রথমজন হিসাবে ট্যাগ করুন!

MARC

LEADER 00000nam a22000007i 4500
001 IT\ICCU\UBO\2258270
003 ItRI
005 20260115231821.0
008 030728s1999 xxu|||||| ||||| |||||c
020 |a 0789302667 
040 |b ita  |c importazione bologna sebina 
041 7 |a eng  |2 ISO-639-2 
100 1 |a Leddick, David  |0 IT\ICCU\CFIV\163008  |4 aut 
245 1 0 |a Men in the sun /  |c by David Leddick ; designed by Jason Losser. 
260 |a New York :  |b Universe,  |c c1999 
300 |a 91 p. :  |b ill. ;  |c 21 cm. 
700 1 |a Losser, Jason  |0 IT\ICCU\UBOV\816901 
942 |2 ddc  |c BK  |n 0 
952 |0 0  |1 0  |4 0  |6 DOC_779_232000000000000_LED  |7 0  |9 13453  |a BO  |b BO  |d 2026-01-15  |i 7553  |l 0  |o DOC 779.232 LED  |p BO7553  |r 2026-01-15 23:18:21  |w 2026-01-15  |x [Sebina 5] [1 v.]  |y BK  |z 1 v. 
999 |c 11562  |d 11562